CRIPTION AND BRIBERY KRIPTO KARACI (Record no. 580085)
[ view plain ]
| 000 -LEADER | |
|---|---|
| fixed length control field | 00257nam a22001097a 4500 |
| 082 ## - DEWEY DECIMAL CLASSIFICATION NUMBER | |
| Classification number | 301 KHU'C |
| 100 ## - MAIN ENTRY--PERSONAL NAME | |
| Personal name | KHURSHID AHMED RAJA |
| 9 (RLIN) | 74568 |
| 245 ## - TITLE STATEMENT | |
| Title | CRIPTION AND BRIBERY KRIPTO KARACI |
| 260 ## - PUBLICATION, DISTRIBUTION, ETC. | |
| Place of publication, distribution, etc. | ISLAMABAD |
| Name of publisher, distributor, etc. | ZAVIYA |
| Date of publication, distribution, etc. | 1982 |
| 300 ## - PHYSICAL DESCRIPTION | |
| Extent | 728P |
| 942 ## - ADDED ENTRY ELEMENTS (KOHA) | |
| Koha item type | Book |
| Withdrawn status | Lost status | Damaged status | Not for loan | Permanent Location | Current Location | Shelving location | Date acquired | Total Checkouts | Full call number | Barcode | Date last seen | Price effective from | Koha item type |
|---|---|---|---|---|---|---|---|---|---|---|---|---|---|
| College of Electrical & Mechanical Engineering (CEME) | College of Electrical & Mechanical Engineering (CEME) | General Stacks | 05/08/2017 | 301 KHU'C | CEME-15241 | 06/28/2021 | 06/28/2021 | Book |
